[Event "IECG TE.2002.P.01119 email"]
[Site "IECG email"]
[Date "2002.12.30"]
[Round "?"]
[White "Jeneby, Maamun"]
[Black "Oortwijn, Ron A"]
[Result "0-1"]
[WhiteElo "800"]
[BlackElo "2197"]
[PlyCount "88"]
[EventDate "2002.12.30"]
[EventType "tourn (corr)"]
[EventRounds "8"]
[SourceTitle "Corr 2008"]
[Source "ChessBase"]
[SourceDate "2008.06.24"]
[SourceVersion "1"]
[SourceVersionDate "2008.06.24"]
[SourceQuality "1"]

1. d4 Nf6 2. c4 c5 3. d5 e6 4. Nc3 exd5 5. cxd5 d6 6. e4 g6 7. Nf3 Bg7 8. Bg5 a6 9. Be2 b5 10. Bd3 0-0 11. Bb1 Re8 12. 0-0 h6 13. Bh4 g5 14. Nxg5 hxg5 15. Bxg5 Nbd7 16. f4 b4 17. Ne2 Qb6 18. Ng3 Nh7 19. Qc2 c4+ 20. Kh1 Ndf8 21. Nh5 Bd4 22. Rf3 Nxg5 23. Rg3 c3 24. b3 Nfh7 25. fxg5 Be5 26. Nf6+ Nxf6 27. gxf6+ Kf8 28. Qc1 Bxf6 29. Qh6+ Ke7 30. Bc2 Rh8 31. Qf4 Be5 32. Qg5+ Ke8 33. Rf1 Bd7 34. h4 Bxg3 35. Qxg3 Qd4 36. Qf4 f6 37. g3 Ke7 38. Kh2 Rag8 39. Rf3 Rg4 40. Qe3 Qe5 41. Kh1 Rgxh4+ 42. gxh4 Rxh4+ 43. Kg1 Qh2+ 44. Kf1 Qxc2 0-1

[Event "IECG TE.2002.P.01119 email"]
[Site "IECG email"]
[Date "2002.12.30"]
[Round "?"]
[White "Oortwijn, Ron A"]
[Black "Jeneby, Maamun"]
[Result "0-1"]
[WhiteElo "2197"]
[BlackElo "800"]
[PlyCount "35"]
[EventDate "2002.12.30"]
[EventType "tourn (corr)"]
[EventRounds "8"]
[SourceTitle "Corr 2008"]
[Source "ChessBase"]
[SourceDate "2008.06.24"]
[SourceVersion "1"]
[SourceVersionDate "2008.06.24"]
[SourceQuality "1"]

1. d4 Nf6 2. c4 c5 3. d5 e6 4. Nc3 Nc6 5. dxc6 bxc6 6. e4 Be7 7. e5 Ng8 8. Ne4 d5 9. exd6 Bf8 10. Bf4 Bd7 11. Qd2 Qb6 12. Be3 Rb8 13. b3 Qb4 14. Rd1 a5 15. Nxc5 Qxd2+ 16. Bxd2 Rd8 17. Bxa5 Ra8 18. b4 0-1

[Event "IECG TE.2002.P.01119 email"]
[Site "IECG email"]
[Date "2002.12.30"]
[Round "?"]
[White "Ottenweller, Wolfgang"]
[Black "Jeneby, Maamun"]
[Result "1-0"]
[WhiteElo "2050"]
[BlackElo "800"]
[PlyCount "25"]
[EventDate "2002.12.30"]
[EventType "tourn (corr)"]
[EventRounds "8"]
[SourceTitle "Corr 2008"]
[Source "ChessBase"]
[SourceDate "2008.06.24"]
[SourceVersion "1"]
[SourceVersionDate "2008.06.24"]
[SourceQuality "1"]

1. d4 Nf6 2. c4 c5 3. d5 e6 4. Nc3 Bd6 5. Nf3 0-0 6. Bg5 Be7 7. d6 Bxd6 8. Qxd6 b6 9. e4 Nc6 10. e5 Ne8 11. Qxc6 dxc6 12. Bxd8 Bd7 13. Be7 1-0